000 00375pab a2200157 454500
008 180718b2018 xxu||||| |||| 00| 0 eng d
100 _aSarkar, Avik
245 _aReaping benefits of artifical intelligence
260 _c2018
300 _ap.53-56.
362 _aApr
650 _aArtificial intelligence
650 _aComputers
773 _aYojana
909 _a117336
999 _c117330
_d117330